| 000 | 02426 a2200457 4500 | ||
|---|---|---|---|
| 001 | 17105 | ||
| 005 | 20260407155459.0 | ||
| 008 | 260407a2001 arg spa d | ||
| 003 | AR-UNSa-BCEJYS | ||
| 040 |
_aAR-UNSa-BCEJYS _bspa _cAR-UNSa-BCEJYS |
||
| 080 |
_a657.47 _xContabilidad de Costos |
||
| 245 | 1 | 0 |
_aGestión & costos _pbeneficio creciente, mejora continua |
| 020 | _a978-950-537-540-0 | ||
| 264 | 1 |
_aBuenos Aires : _bEdiciones Macchi _c2001 |
|
| 300 |
_axxxvi, 601 p. _c26 cm. |
||
| 505 | _a1. La contabilidad y la gestión en las unidades económicas - 2. El control de la gestión empresaria - 3. Factores y componentes del costo - 4. Costeo basado en las actividades - 5. Gerenciamiento basado en las actividades (ABM) - 6. Costos para toma de decisiones - 7. Planificación, presupuestos y su control - 8. Nuevas técnicas de gestión y control de los costos. Sistemas de producción híbridos - Justo a tiempo (JIT) - 9. Administración de la calidad - 10. El tiempo como elemento competitivo y el ciclo de vida - 11. Teoría de las restricciones: Un enfoque estratégico - 12. Orientación al cliente y gestión estratégica - 13. La gestión de los costos ambientales - 14. Nuevas técnicas de gestión y reducción de costos. Reingeniería - 15. Costeo por objetivos (Target costing) - 16. Los costos y la adopción de decisiones - 17. Proceso gerencial e información contable y extracontable - 18. Tablero de comando - 19. Benchmarking | ||
| 942 | _cBK | ||
| 590 | _aniveau_biblio:m niveau_hierar:0 | ||
| 100 | 1 | _aGiménez, Carlos Manuel | |
| 700 | 1 | _aBenvenuto, Edgardo M. | |
| 700 | 1 | _aBenvenuto, Olver | |
| 700 | 1 | _aCahwje, Jorge Alberto | |
| 700 | 1 | _aCarratalá, Juan Martín | |
| 700 | 1 | _aCarro, Roberto Ricardo | |
| 700 | 1 | _aDaian, Isaac Martín | |
| 700 | 1 | _aAbdel-Hamid, Tarek K. | |
| 700 | 1 | _aFont de Malugani, Elba | |
| 700 | 1 | _aGaudino, Ovidio | |
| 700 | 1 | _aGiménez Vetere, María Nidia | |
| 700 | 1 | _aKsairi, Jorge Luis | |
| 700 | 1 | _aLópez de Trabucco, Nélida M. | |
| 700 | 1 | _aLópez Couceiro, Edmundo | |
| 700 | 1 | _aMacrini, Domingo | |
| 700 | 1 | _aMiyaji, Ricardo | |
| 700 | 1 | _aMocciaro, Osvaldo A. | |
| 700 | 1 | _aSafarano, José M. | |
| 700 | 1 | _aStasi, Juan Carlos | |
| 700 | 1 | _aWajchman, Bernardo | |
| 700 | 1 | _aWajchman, Mauricio | |
| 856 | 4 | 1 |
_uhttps://biblioeco.unsa.edu.ar/pmb/images/libros/Gestion & Costos2-l86220.jpeg _yImagen de portada _qimage/jpeg |
| 999 |
_c719 _d719 |
||